[Event "Rottach Egern Seniors Cup 10th"]
[Site "Rottach Egern"]
[Date "2022.04.03"]
[Round "9"]
[White "Antoniacci, Ricardo"]
[Black "Deflieze, Ulrich"]
[Result "0-1"]
[WhiteElo "1706"]
[BlackElo "1907"]
[PlyCount "68"]
[EventDate "2022.03.26"]
[EventType "swiss"]
[EventRounds "9"]
[EventCountry "GER"]
[SourceTitle "CBM 207 Extra"]
[Source "ChessBase"]
[SourceDate "2022.05.31"]
[SourceVersion "1"]
[SourceVersionDate "2022.05.31"]
[SourceQuality "1"]

1. e4 c5 2. Nf3 d6 3. d4 cxd4 4. Nxd4 Nf6 5. Nc3 g6 6. Be2 Bg7 7. Be3 Nc6 8. 0-0 Bd7 9. h3 Rc8 10. f4 0-0 11. Nxc6 Bxc6 12. Bf3 Qa5 13. Qd2 Rfe8 14. g4 Nd7 15. Bd4 Bxd4+ 16. Qxd4 Qc5 17. Qxc5 Nxc5 18. Rad1 Na4 19. Nxa4 Bxa4 20. b3 Bc6 21. Kg2 b5 22. b4 Ba8 23. Rf2 Rc3 24. Rd3 Rc4 25. c3 Bxe4 26. Bxe4 Rxe4 27. f5 f6 28. Kf3 Rc4 29. Ke3 Rec8 30. Kd2 g5 31. Rff3 R8c6 32. Rd5 a6 33. a4 bxa4 34. Kc2 Rxb4 0-1

[Event "MVP-ch Seniors op 19th"]
[Site "Ostseebad Binz"]
[Date "2019.12.05"]
[Round "9"]
[White "Deflieze, Ulrich"]
[Black "Petrykowski, Reinhardt"]
[Result "1/2-1/2"]
[WhiteElo "1920"]
[BlackElo "1759"]
[PlyCount "42"]
[EventDate "2019.11.27"]
[EventType "swiss"]
[EventRounds "9"]
[EventCountry "GER"]
[SourceTitle "EXT 2021"]
[Source "ChessBase"]
[SourceDate "2020.10.23"]
[SourceVersion "1"]
[SourceVersionDate "2020.10.23"]
[SourceQuality "1"]

1. e4 d5 2. exd5 Qxd5 3. Nc3 Qd8 4. d4 e6 5. Nf3 Nf6 6. Bc4 c6 7. a3 Be7 8. 0-0 0-0 9. b4 b6 10. Bf4 Ba6 11. Bxa6 Nxa6 12. Re1 Rc8 13. Ne4 Nc7 14. c4 Nce8 15. Qe2 Nxe4 16. Qxe4 Nf6 17. Qc2 Bd6 18. Bxd6 Qxd6 19. Rad1 Rfd8 20. Re5 h6 21. h3 Nd7 1/2-1/2

[Event "MVP-ch Seniors op 18th"]
[Site "Ostseebad Binz"]
[Date "2018.11.28"]
[Round "1"]
[White "Graffenberger, Wilhelm"]
[Black "Deflieze, Ulrich"]
[Result "0-1"]
[WhiteElo "1594"]
[BlackElo "1955"]
[PlyCount "78"]
[EventDate "2018.11.28"]
[EventType "swiss"]
[EventRounds "9"]
[EventCountry "GER"]
[SourceTitle "CBM 188 Extra"]
[Source "ChessBase"]
[SourceDate "2019.02.26"]
[SourceVersion "1"]
[SourceVersionDate "2019.02.26"]
[SourceQuality "1"]

1. d4 Nf6 2. Nf3 g6 3. Nc3 Bg7 4. Bf4 d6 5. e3 0-0 6. Be2 Nbd7 7. 0-0 Nb6 8. a4 a5 9. e4 Nh5 10. Be3 Bd7 11. Ne1 Nf6 12. Qd2 Ng4 13. Bxg4 Bxg4 14. Bh6 Nc4 15. Qc1 c6 16. Bxg7 Kxg7 17. b3 Nb6 18. Qf4 Bd7 19. Nd3 f6 20. Ne2 e5 21. Qg3 Qe7 22. Rae1 c5 23. d5 c4 24. Nb2 cxb3 25. cxb3 Rac8 26. Rc1 f5 27. Qe3 Qd8 28. f4 fxe4 29. Qxe4 Bf5 30. Rxc8 Qxc8 31. Qf3 e4 32. Qc3+ Kf7 33. Qd4 Nd7 34. Nc4 Qc7 35. Ng3 Nf6 36. Ne3 Bd7 37. Nxe4 Nxe4 38. Qxe4 Qc5 39. Kh1 Re8 0-1

[Event "MVP-ch Seniors op 17th"]
[Site "Binz"]
[Date "2017.11.29"]
[Round "1.58"]
[White "Deflieze, Ulrich"]
[Black "Mueller, Dieter5555"]
[Result "1-0"]
[WhiteElo "1946"]
[BlackElo "1645"]
[PlyCount "45"]
[EventDate "2017.11.29"]
[EventType "swiss"]
[EventRounds "9"]
[EventCountry "GER"]
[SourceTitle "EXT 2019"]
[Source "ChessBase"]
[SourceDate "2018.10.10"]
[SourceVersion "1"]
[SourceVersionDate "2018.10.10"]
[SourceQuality "1"]

1. e4 d6 2. d4 Nf6 3. Nc3 g6 4. Nf3 Bg7 5. Bc4 c6 6. 0-0 b5 7. Bd3 Bg4 8. h3 Bd7 9. Be3 b4 10. Ne2 a5 11. Qd2 h6 12. Ng3 Qc8 13. e5 dxe5 14. dxe5 Nd5 15. Kh2 Nxe3 16. Qxe3 e6 17. Ne4 Qc7 18. Nd6+ Ke7 19. Qc5 Bxe5+ 20. Nxe5 Qxd6 21. Qxd6+ Kxd6 22. Nxf7+ Ke7 23. Nxh8 1-0